000 00493nam a2200145Ia 4500
008 220216s9999 xx 000 0 und d
100 _aAl-Hartomy O A
_cet al
245 0 _aInfluence of carbon blacks structure and specific surface area on the dielectric and microwave properties of filled rubber composites
260 _bKautschuk Gummi Kunststoffe
_c2011
300 _a33-39
650 _aDielectric properties
650 _aMicrowave properties
650 _aNatural rubber
942 _cJS
999 _c61192
_d61192